=LDR 00000nam 2200000 4500 =001 INLIS000000000019101 =005 20130612114213 =008 ***********************************Ind** =035 ##$$0010-061300000019101 =041 ##$$a Ind =082 ##$$a 823 =090 ##$$a 823, Lof j =100 ##$$a Loffe, Novah =245 ##$$a Jassy, Norah Lofts =260 ##$$a 1944 $b London =300 ##$$a 218 hlm, 32 cm =650 ##$$a Fiksi Inggris =850 ##$$a NBPNMAT